[Event "Sanxenxo op 3rd"]
[Site "Sanxenxo"]
[Date "2006.06.30"]
[Round "5"]
[White "Palencia Morales, Wilson Guillermo"]
[Black "Martin Blanco, Fernando"]
[Result "0-1"]
[WhiteElo "2329"]
[BlackElo "2154"]
[PlyCount "70"]
[EventDate "2006.06.26"]
[EventType "swiss"]
[EventRounds "9"]
[EventCountry "ESP"]
[SourceTitle "CBM 113 Extra"]
[Source "ChessBase"]
[SourceDate "2006.09.14"]
[SourceVersion "1"]
[SourceVersionDate "2006.09.14"]
[SourceQuality "1"]

1. e4 e6 2. d4 d5 3. e5 c5 4. c3 Nc6 5. Nf3 Qb6 6. a3 Nh6 7. Bxh6 Qxb2 8. Be3 cxd4 9. Bxd4 Qxa1 10. Bd3 Qb2 11. 0-0 Nxd4 12. Nxd4 Bd7 13. Qf3 Bc5 14. Ne2 Bb5 15. Bxb5+ Qxb5 16. Ng3 g6 17. Nd2 Be7 18. c4 Qb2 19. cxd5 exd5 20. Qf4 Qxa3 21. Nf3 0-0 22. Qh6 Rfe8 23. Nh5 gxh5 24. Ng5 Bxg5 25. Qxg5+ Kf8 26. Qh6+ Ke7 27. Qf6+ Kd7 28. Qxf7+ Qe7 29. Qxd5+ Kc8 30. Rc1+ Kb8 31. f4 a5 32. Rb1 Rc8 33. Kf1 Qc7 34. Qf3 a4 35. Qa3 Qc4+ 0-1

[Event "La Roda op 33rd"]
[Site "La Roda"]
[Date "2006.04.14"]
[Round "4.15"]
[White "Baron Rodriguez, Jesus"]
[Black "Martin Blanco, Fernando"]
[Result "1-0"]
[WhiteElo "2402"]
[BlackElo "2154"]
[PlyCount "51"]
[EventDate "2006.04.12"]
[EventType "swiss"]
[EventRounds "9"]
[EventCountry "ESP"]
[SourceTitle "CBM 111 Extra"]
[Source "ChessBase"]
[SourceDate "2006.05.09"]
[SourceVersion "1"]
[SourceVersionDate "2006.05.09"]
[SourceQuality "1"]

1. e4 e6 2. d4 d5 3. Nc3 Bb4 4. e5 c5 5. a3 Bxc3+ 6. bxc3 Qa5 7. Bd2 Qa4 8. Nf3 Nc6 9. dxc5 Nge7 10. Bd3 Ng6 11. Qe2 Qa5 12. 0-0 Qxc5 13. h4 Bd7 14. h5 Nge7 15. Rfb1 Na5 16. Rb4 Rc8 17. Rg4 g6 18. Rf4 h6 19. Nh2 g5 20. Rb4 Nf5 21. Ng4 b6 22. Rd1 Nc6 23. Nf6+ Kd8 24. Rb5 Qxa3 25. Bxf5 exf5 26. Rxd5 1-0

[Event "La Roda op 33rd"]
[Site "La Roda"]
[Date "2006.04.13"]
[Round "2.11"]
[White "Zambrana, Oswaldo"]
[Black "Martin Blanco, Fernando"]
[Result "1-0"]
[WhiteElo "2425"]
[BlackElo "2154"]
[PlyCount "49"]
[EventDate "2006.04.12"]
[EventType "swiss"]
[EventRounds "9"]
[EventCountry "ESP"]
[SourceTitle "CBM 111 Extra"]
[Source "ChessBase"]
[SourceDate "2006.05.09"]
[SourceVersion "1"]
[SourceVersionDate "2006.05.09"]
[SourceQuality "1"]

1. e4 e6 2. d4 d5 3. Nd2 Nf6 4. e5 Nfd7 5. Bd3 c5 6. c3 b6 7. Nh3 Ba6 8. Bxa6 Nxa6 9. 0-0 Nc7 10. Qg4 Nb8 11. Nf4 Nc6 12. Nf3 g6 13. Ne2 h6 14. h4 c4 15. h5 g5 16. Nh2 Qd7 17. f4 gxf4 18. Rxf4 0-0-0 19. Qf3 Rh7 20. Ng4 Ne8 21. Be3 Qe7 22. Rf1 Rd7 23. Qg3 Rb7 24. Nf6 Rh8 25. Rg4 1-0

[Event "Benidorm op U2300 04th"]
[Site "Benidorm"]
[Date "2005.11.17"]
[Round "7"]
[White "Martin Blanco, Fernando"]
[Black "Tscharotschkin, Michael"]
[Result "1/2-1/2"]
[WhiteElo "2138"]
[BlackElo "2216"]
[PlyCount "101"]
[EventDate "2005.11.11"]
[EventType "swiss"]
[EventRounds "9"]
[EventCountry "ESP"]
[SourceTitle "CBM 109 Extra"]
[Source "ChessBase"]
[SourceDate "2006.01.03"]
[SourceVersion "2"]
[SourceVersionDate "2006.01.03"]
[SourceQuality "1"]

1. e4 c5 2. c3 Nf6 3. e5 Nd5 4. d4 cxd4 5. Nf3 d6 6. cxd4 Nc6 7. Bc4 Nb6 8. Bb3 dxe5 9. Nxe5 Nxe5 10. dxe5 Qxd1+ 11. Kxd1 e6 12. Nc3 Bd7 13. Be3 Bc6 14. Rg1 Nd7 15. f4 Bc5 16. Ke2 Bxe3 17. Kxe3 Ke7 18. Rac1 Rac8 19. g3 Rhd8 20. Rgd1 Nb6 21. Rxd8 Rxd8 22. Rc2 h6 23. h4 Rg8 24. Ne4 Bxe4 25. Kxe4 Rc8 26. Rxc8 Nxc8 27. g4 Nb6 28. f5 Nd7 29. Bd1 Nc5+ 30. Kd4 Na6 31. a3 Nc7 32. Bf3 b6 33. Kc4 f6 34. exf6+ Kxf6 35. fxe6 Kxe6 36. b4 Ke5 37. a4 Kf4 38. Bd1 Ke5 39. Bf3 g6 40. a5 Kf4 41. Bd1 Ke5 42. Bc2 g5 43. h5 Kf4 44. Bf5 Ke5 45. Bc8 Ne8 46. axb6 Nd6+ 47. Kd3 axb6 48. Bd7 Ne4 49. Kc4 Nd6+ 50. Kd3 Kd5 51. Ba4 1/2-1/2

[Event "Benidorm op U2300 04th"]
[Site "Benidorm"]
[Date "2005.11.14"]
[Round "4"]
[White "Martin Blanco, Fernando"]
[Black "Sanchez Aller, Fernando"]
[Result "0-1"]
[WhiteElo "2138"]
[BlackElo "2274"]
[PlyCount "119"]
[EventDate "2005.11.11"]
[EventType "swiss"]
[EventRounds "9"]
[EventCountry "ESP"]
[SourceTitle "CBM 109 Extra"]
[Source "ChessBase"]
[SourceDate "2006.01.03"]
[SourceVersion "2"]
[SourceVersionDate "2006.01.03"]
[SourceQuality "1"]

1. e4 d5 2. exd5 Nf6 3. Bb5+ Nbd7 4. c4 a6 5. Ba4 b5 6. cxb5 Nxd5 7. Nc3 N5b6 8. Bc2 axb5 9. d4 Bb7 10. Nf3 b4 11. Be4 Qc8 12. Bxb7 Qxb7 13. Ne2 Nd5 14. Bd2 e6 15. 0-0 Bd6 16. Ng3 0-0 17. Ne4 Ra6 18. Nxd6 cxd6 19. a4 bxa3 20. bxa3 Rfa8 21. a4 N7b6 22. a5 Nc4 23. Ng5 Nf6 24. Qe2 Nxd2 25. Qxd2 Qd5 26. Rfc1 h6 27. Nf3 g5 28. h3 Kg7 29. Qa2 Qxa2 30. Rxa2 Rxa5 31. Rac2 Ra1 32. Rxa1 Rxa1+ 33. Kh2 Ne4 34. g4 Ra6 35. Kg2 Nf6 36. Ng1 Ra3 37. Ne2 Rd3 38. Ra2 Ne4 39. Rb2 Nd2 40. Ra2 Nf3 41. Ra4 Nh4+ 42. Kg1 Rd2 43. Ng3 Rxd4 44. Nh5+ Kf8 45. Ra8+ Ke7 46. Ra7+ Ke8 47. Ra8+ Kd7 48. Ra7+ Kc6 49. Rxf7 Rd3 50. Rf6 Rxh3 51. Rxe6 Ra3 52. Rxh6 Ra4 53. Nf6 Rf4 54. Kf1 Kb5 55. Nh5 Rd4 56. Ng3 d5 57. Nf5 Rxg4 58. Ne3 Rd4 59. Ke2 Re4 60. Rh5 0-1

[Event "Madrid op3"]
[Site "Madrid"]
[Date "2005.10.16"]
[Round "6"]
[White "Alvarez Abejon, Amilcar"]
[Black "Martin Blanco, Fernando"]
[Result "1-0"]
[WhiteElo "2119"]
[BlackElo "2105"]
[PlyCount "95"]
[EventDate "2005.10.07"]
[EventType "swiss"]
[EventRounds "9"]
[EventCountry "ESP"]
[SourceTitle "EXT 2006"]
[Source "ChessBase"]
[SourceDate "2005.11.24"]
[SourceVersion "1"]
[SourceVersionDate "2005.11.24"]
[SourceQuality "1"]

1. d4 Nf6 2. c4 g6 3. Nc3 d5 4. cxd5 Nxd5 5. e4 Nxc3 6. bxc3 Bg7 7. Bc4 c5 8. Ne2 0-0 9. 0-0 Nc6 10. Be3 Bd7 11. Rc1 a6 12. Qd2 b5 13. Bd3 Qa5 14. d5 c4 15. Bb1 Ne5 16. f4 Nd3 17. Bxd3 cxd3 18. Qxd3 Qxa2 19. Ra1 Qc4 20. Qxc4 bxc4 21. Rfb1 Bb5 22. Bd4 Rab8 23. Bxg7 Kxg7 24. Kf2 Rb6 25. Nd4 Rfb8 26. Ra5 Kf8 27. Ke3 Ke8 28. Nxb5 axb5 29. Kd4 R6b7 30. Kc5 Rc8+ 31. Kb4 Kd7 32. Rba1 Rcb8 33. Ra7 e6 34. Rxb7+ Rxb7 35. Ra5 exd5 36. exd5 Kd6 37. Rxb5 Rc7 38. g3 f5 39. Ra5 Rc8 40. Ra7 Kxd5 41. Rd7+ Ke4 42. Rxh7 Kd5 43. Rd7+ Ke6 44. Rd4 Rb8+ 45. Kxc4 Rb2 46. h4 Rb1 47. Kc5 Rb8 48. Rd6+ 1-0

[Event "Madrid op3"]
[Site "Madrid"]
[Date "2005.10.08"]
[Round "2"]
[White "Martin Blanco, Fernando"]
[Black "Martinez Garcia, Felipe"]
[Result "1-0"]
[WhiteElo "2105"]
[BlackElo "2052"]
[PlyCount "49"]
[EventDate "2005.10.07"]
[EventType "swiss"]
[EventRounds "9"]
[EventCountry "ESP"]
[SourceTitle "EXT 2006"]
[Source "ChessBase"]
[SourceDate "2005.11.24"]
[SourceVersion "1"]
[SourceVersionDate "2005.11.24"]
[SourceQuality "1"]

1. e4 e5 2. d4 exd4 3. Qxd4 Nc6 4. Qe3 b6 5. Nc3 Bc5 6. Qg3 g6 7. Bd2 Bd4 8. 0-0-0 Nge7 9. Bh6 Bf6 10. Nd5 Nxd5 11. exd5 Ne7 12. d6 cxd6 13. Qf3 Nc6 14. Re1+ Be7 15. Bc4 f5 16. Bg7 Rf8 17. Bxf8 Kxf8 18. Qd5 Kg7 19. Nf3 Rb8 20. h4 Bb7 21. Qf7+ Kh8 22. Ng5 Bxg5+ 23. hxg5 Qxg5+ 24. f4 Qxf4+ 25. Kb1 1-0

[Event "Andorra op 23rd"]
[Site "Andorra"]
[Date "2005.07.09"]
[Round "1"]
[White "De la Riva Aguado, Oscar"]
[Black "Martin Blanco, Fernando"]
[Result "1-0"]
[WhiteElo "2548"]
[BlackElo "2105"]
[PlyCount "73"]
[EventDate "2005.07.09"]
[EventType "swiss"]
[EventRounds "9"]
[EventCountry "AND"]
[SourceTitle "CBM 107 Extra"]
[Source "ChessBase"]
[SourceDate "2005.09.01"]
[SourceVersion "1"]
[SourceVersionDate "2005.09.01"]
[SourceQuality "1"]

1. e4 e6 2. d4 d5 3. Nc3 Bb4 4. e5 c5 5. Bd2 Ne7 6. dxc5 Bxc5 7. Qg4 Ng6 8. Nf3 Nc6 9. 0-0-0 Bd7 10. h4 h5 11. Qg3 Nce7 12. Bd3 b5 13. Ng5 Qb6 14. f4 b4 15. Ne2 Bb5 16. Nxe6 Bxd3 17. Nxg7+ Kf8 18. Qxd3 Kxg7 19. f5 Nxe5 20. Qg3+ Ng4 21. Rhf1 Kh7 22. f6 Ng6 23. Rf5 Kg8 24. Nf4 Be3 25. Nxd5 Bxd2+ 26. Rxd2 Qe6 27. Rg5 Re8 28. Qd3 Kf8 29. Qd4 N4e5 30. Qxb4+ Kg8 31. Nc7 Qxa2 32. c3 Rc8 33. Qd4 Ng4 34. Qd7 Kh7 35. Rxh5+ Nh6 36. Rdd5 Rhd8 37. Qxf7+ 1-0

[Event "La Roda op 32nd"]
[Site "La Roda"]
[Date "2005.03.25"]
[Round "4"]
[White "Martin Blanco, Fernando"]
[Black "Camarena Gimenez, Rufino"]
[Result "0-1"]
[WhiteElo "2093"]
[BlackElo "2376"]
[PlyCount "44"]
[EventDate "2005.03.23"]
[EventType "swiss"]
[EventRounds "9"]
[EventCountry "ESP"]
[SourceTitle "CBM 105 Extra"]
[Source "ChessBase"]
[SourceDate "2005.05.01"]
[SourceVersion "1"]
[SourceVersionDate "2005.05.01"]
[SourceQuality "1"]

1. e4 c6 2. d4 d5 3. e5 Bf5 4. Nf3 e6 5. Be2 Ne7 6. 0-0 Nd7 7. b3 Bg6 8. Ba3 c5 9. c4 Qa5 10. Bb2 dxc4 11. Nc3 cxd4 12. Nxd4 Nxe5 13. Ndb5 Nf5 14. Nd5 0-0-0 15. bxc4 exd5 16. Bxe5 dxc4 17. Qb1 Nd6 18. Nxd6+ Bxd6 19. Bg4+ Kb8 20. Bxd6+ Rxd6 21. Qc1 Rhd8 22. Qf4 Qc7 0-1

[Event "Santxenxo op"]
[Site "Pontevedra"]
[Date "2004.06.22"]
[Round "10.14"]
[White "Martin Blanco, Fernando"]
[Black "Salgado Lopez, Oscar"]
[Result "1/2-1/2"]
[WhiteElo "2128"]
[BlackElo "2171"]
[PlyCount "85"]
[EventDate "2004.06.??"]
[EventType "swiss"]
[EventRounds "10"]
[EventCountry "ESP"]
[SourceTitle "EXT 2005"]
[Source "ChessBase"]
[SourceDate "2004.11.15"]
[SourceVersion "1"]
[SourceVersionDate "2004.11.15"]
[SourceQuality "1"]

1. e4 c5 2. c3 Nf6 3. e5 Nd5 4. Nf3 e6 5. Bc4 Nc6 6. 0-0 Nb6 7. Bb3 d5 8. exd6 Bxd6 9. d4 cxd4 10. cxd4 0-0 11. Nc3 Be7 12. a3 Nd5 13. Ne4 b6 14. Qd3 Bb7 15. Nfg5 h6 16. Nf3 Rc8 17. Re1 Re8 18. Bc2 f5 19. Nc3 Bf6 20. Bb3 Na5 21. Ba4 Bc6 22. Bxc6 Nxc6 23. Bd2 Qd6 24. Rad1 Nxc3 25. Bxc3 Qd5 26. Qe2 Rcd8 27. Ne5 Bxe5 28. dxe5 Qc5 29. h3 Rxd1 30. Rxd1 Rd8 31. Rxd8+ Nxd8 32. Qd3 Qc7 33. g4 g6 34. gxf5 gxf5 35. Qe3 Kh7 36. Kh2 Nf7 37. Qd4 Qc6 38. Bd2 Kg6 39. Qh4 Ng5 40. Bxg5 hxg5 41. Qh8 Qd5 42. Qg8+ Kh6 43. Qh8+ 1/2-1/2

[Event "Santxenxo op"]
[Site "Pontevedra"]
[Date "2004.06.13"]
[Round "1"]
[White "Perez Fungueiro, Manuel Antonio"]
[Black "Martin Blanco, Fernando"]
[Result "1/2-1/2"]
[WhiteElo "2285"]
[BlackElo "2128"]
[PlyCount "72"]
[EventDate "2004.06.??"]
[EventType "swiss"]
[EventRounds "10"]
[EventCountry "ESP"]
[SourceTitle "EXT 2005"]
[Source "ChessBase"]
[SourceDate "2004.11.15"]
[SourceVersion "1"]
[SourceVersionDate "2004.11.15"]
[SourceQuality "1"]

1. c4 Nf6 2. g3 c6 3. Bg2 d5 4. Nf3 g6 5. 0-0 Bg7 6. d4 0-0 7. Nbd2 Bf5 8. b3 a5 9. Bb2 Nbd7 10. Nh4 Be6 11. e4 Nxe4 12. Nxe4 dxe4 13. Bxe4 a4 14. Bc3 axb3 15. axb3 c5 16. Bxb7 Rxa1 17. Bxa1 Qb6 18. Bg2 cxd4 19. Nf3 Bg4 20. h3 Bxf3 21. Bxf3 e5 22. Qc2 Nc5 23. Rb1 Qb4 24. Bd5 Rb8 25. Qa2 e4 26. Qa7 Rf8 27. Qe7 e3 28. fxe3 dxe3 29. Bxg7 Kxg7 30. Qxe3 Na4 31. Rf1 Nc3 32. Rf3 Nxd5 33. cxd5 Kg8 34. Qf4 Qc5+ 35. Qe3 Qxd5 36. Qd3 Qc5+ 1/2-1/2

[Event "La Roda op 31st"]
[Site "La Roda"]
[Date "2004.04.11"]
[Round "9"]
[White "Navarro Ortiz de Orruno, Borja"]
[Black "Martin Blanco, Fernando"]
[Result "1-0"]
[WhiteElo "2187"]
[BlackElo "2090"]
[PlyCount "95"]
[EventDate "2004.04.07"]
[EventType "swiss"]
[EventRounds "9"]
[EventCountry "ESP"]
[SourceTitle "CBM 099 Extra"]
[Source "ChessBase"]
[SourceDate "2004.05.04"]
[SourceVersion "1"]
[SourceVersionDate "2004.05.04"]
[SourceQuality "1"]

1. d4 Nf6 2. c4 g6 3. Nf3 Bg7 4. g3 c6 5. Bg2 d5 6. Nbd2 0-0 7. 0-0 Bf5 8. b3 a5 9. a3 Ne4 10. Bb2 Nd7 11. Rc1 Ndf6 12. Ne5 Qb6 13. c5 Qc7 14. Ndf3 Nd7 15. Nxd7 Bxd7 16. Nd2 f5 17. f4 b5 18. cxb6 Qxb6 19. Nxe4 fxe4 20. e3 h5 21. Rc3 Kf7 22. a4 Rh8 23. h3 Rab8 24. Ba3 Qa6 25. Rf2 Qc8 26. Kh2 e6 27. Bd6 Rb6 28. Bc5 Rb8 29. Bd6 Rb6 30. Qc1 Bf8 31. Qa3 Qb8 32. Bxf8 Qxf8 33. Rc5 Qe7 34. Qa2 Rhb8 35. Rb2 Ra6 36. Qb1 Rb4 37. Bf1 Ra8 38. Be2 Qf6 39. Qe1 Qd8 40. Bd1 Qc7 41. Rf2 Rbb8 42. Kg1 Kg7 43. Rh2 Rb4 44. g4 hxg4 45. hxg4 Rh8 46. Rxh8 Kxh8 47. Qh4+ Kg7 48. Qe7+ 1-0

[Event "Benidorm Bali op-A"]
[Site "Benidorm"]
[Date "2003.11.24"]
[Round "4"]
[White "Fernandez Garcia, Ignacio"]
[Black "Martin Blanco, Fernando"]
[Result "0-1"]
[WhiteElo "2006"]
[BlackElo "2128"]
[PlyCount "57"]
[EventDate "2003.11.21"]
[EventType "swiss"]
[EventRounds "9"]
[EventCountry "ESP"]
[SourceTitle "CBM 097 Extra"]
[Source "ChessBase"]
[SourceDate "2004.01.13"]
[SourceVersion "1"]
[SourceVersionDate "2004.01.13"]
[SourceQuality "1"]

1. e4 e6 2. d4 d5 3. Nd2 c5 4. e5 Nc6 5. Ngf3 cxd4 6. a3 Qc7 7. Nb3 Nxe5 8. Nfxd4 a6 9. f4 Nc6 10. Nf3 Nf6 11. Bd3 Bd6 12. g3 Bd7 13. Bd2 0-0-0 14. c4 dxc4 15. Bxc4 Kb8 16. Rc1 e5 17. fxe5 Bxe5 18. Nxe5 Qxe5+ 19. Be2 Qxb2 20. Rb1 Qxa3 21. Ra1 Qe7 22. 0-0 Bc8 23. Qc2 Rxd2 24. Qxd2 Rd8 25. Qb2 Qe3+ 26. Kg2 Be6 27. Rf3 Bd5 28. Raf1 Qe5 29. Qb1 0-1

[Event "Benidorm Bali op-A"]
[Site "Benidorm"]
[Date "2003.11.24"]
[Round "5"]
[White "Martin Blanco, Fernando"]
[Black "Bayon Fernandez, Rogelio"]
[Result "0-1"]
[WhiteElo "2128"]
[BlackElo "2196"]
[PlyCount "86"]
[EventDate "2003.11.21"]
[EventType "swiss"]
[EventRounds "9"]
[EventCountry "ESP"]
[SourceTitle "CBM 097 Extra"]
[Source "ChessBase"]
[SourceDate "2004.01.13"]
[SourceVersion "1"]
[SourceVersionDate "2004.01.13"]
[SourceQuality "1"]

1. e4 c5 2. c3 g6 3. d4 cxd4 4. cxd4 Bg7 5. Nf3 a6 6. Bd3 d5 7. e5 Bg4 8. Nbd2 Nc6 9. h3 Bxf3 10. Nxf3 e6 11. 0-0 Nge7 12. Bg5 0-0 13. Qd2 Qb6 14. Rac1 Rac8 15. Bb1 Rc7 16. Bf6 Rfc8 17. Rc3 Bf8 18. Rfc1 Na5 19. b3 Nac6 20. h4 Qb4 21. Qf4 Nxd4 22. Rxc7 Ne2+ 23. Kf1 Rxc7 24. Kxe2 Qxf4 25. Rxc7 Nc6 26. Rxb7 Qc1 27. Bd3 Qb2+ 28. Ke3 d4+ 29. Kf4 Qxf2 30. Bxa6 Bh6+ 31. Bg5 Bxg5+ 32. hxg5 Qe3+ 33. Kg4 Nxe5+ 34. Nxe5 Qe4+ 35. Kh3 Qxe5 36. Re7 Qxg5 37. a4 Qe3+ 38. g3 Qxb3 39. Bb5 Qb4 40. Ra7 g5 41. Bf1 Qe1 42. Bb5 Qh1+ 43. Kg4 h6 0-1

[Event "Benidorm Bali op-A"]
[Site "Benidorm"]
[Date "2003.11.23"]
[Round "3"]
[White "Martin Blanco, Fernando"]
[Black "Bosque Ortega, Xavier"]
[Result "0-1"]
[WhiteElo "2128"]
[BlackElo "2258"]
[PlyCount "100"]
[EventDate "2003.11.21"]
[EventType "swiss"]
[EventRounds "9"]
[EventCountry "ESP"]
[SourceTitle "CBM 097 Extra"]
[Source "ChessBase"]
[SourceDate "2004.01.13"]
[SourceVersion "1"]
[SourceVersionDate "2004.01.13"]
[SourceQuality "1"]

1. e4 c6 2. d4 d5 3. e5 g6 4. h3 h5 5. Nf3 Nh6 6. Be2 Bg7 7. 0-0 Bf5 8. Re1 Nd7 9. c4 Bxb1 10. Rxb1 e6 11. b4 dxc4 12. Bg5 Qc7 13. Bxc4 Nb6 14. Qb3 Qd7 15. b5 Nxc4 16. Qxc4 cxb5 17. Rxb5 0-0 18. d5 exd5 19. Rxd5 Qe6 20. Nd4 Qb6 21. Rb5 Rac8 22. Qd5 Rcd8 23. Bxd8 Rxd8 24. Qb3 Qxd4 25. e6 Qd2 26. exf7+ Nxf7 27. Qe6 b6 28. Re3 Qd1+ 29. Re1 Qd6 30. Qb3 Qd3 31. Re8+ Bf8 32. Rxd8 Qxd8 33. Rd5 Qf6 34. Rd3 Qa1+ 35. Kh2 Qe5+ 36. g3 Kg7 37. Rd7 Qf6 38. f4 h4 39. Qd5 hxg3+ 40. Kxg3 a5 41. a4 Bc5 42. Kg4 Kf8 43. Qa8+ Kg7 44. Qd5 Bf2 45. Kf3 Bc5 46. Kg4 Be7 47. Qb7 Nh6+ 48. Kf3 Nf5 49. Rc7 Qd6 50. Rc3 Qd1+ 0-1

[Event "Biel MTO op"]
[Site "Biel"]
[Date "2000.07.30"]
[Round "6"]
[White "Martin Blanco, Fernando"]
[Black "Ten Berge, Hans JM"]
[Result "0-1"]
[WhiteElo "2192"]
[BlackElo "2133"]
[PlyCount "106"]
[EventDate "2000.07.24"]
[EventType "swiss"]
[EventRounds "11"]
[EventCountry "SUI"]
[SourceTitle "CBM 077 Extra"]
[Source "ChessBase"]
[SourceDate "2000.09.14"]
[SourceVersion "1"]
[SourceVersionDate "2000.09.14"]
[SourceQuality "1"]

1. e4 e6 2. d4 d5 3. Nd2 Nc6 4. Ngf3 Nf6 5. e5 Nd7 6. Bb5 Be7 7. 0-0 a6 8. Bxc6 bxc6 9. c3 c5 10. Qa4 0-0 11. b4 Nb6 12. Qb3 c4 13. Qb2 Bd7 14. Re1 a5 15. a3 Ba4 16. Nf1 h6 17. Be3 Qd7 18. Ng3 Ra7 19. Qd2 Kh7 20. Nh5 Rh8 21. g4 Kg8 22. Kg2 Bb3 23. Kg3 Qa4 24. Rec1 Qe8 25. h4 Nd7 26. Qe2 Qa8 27. Qe1 g6 28. Nf4 Kg7 29. Nh3 Qc6 30. Nd2 Qa4 31. f4 Bc2 32. Nf2 Rha8 33. Nf3 axb4 34. axb4 Qxa1 35. Rxa1 Rxa1 36. Bc1 R8a2 37. Qe3 Bf8 38. Bd2 Kh7 39. Ne1 Nb6 40. h5 Na4 41. f5 gxf5 42. g5 Be4 43. gxh6 Rxd2 44. Nxe4 dxe4 45. Qxd2 Bxh6 46. Qc2 Ra3 47. Kg2 Nxc3 48. Kf1 Nd5 49. Qf2 Ne3+ 50. Kg1 Ra1 51. Qh4 c3 52. Kf2 Ng4+ 53. Ke2 Rxe1+ 0-1

[Event "Biel MTO op"]
[Site "Biel"]
[Date "2000.07.27"]
[Round "4"]
[White "Weiland, Guenter"]
[Black "Martin Blanco, Fernando"]
[Result "1/2-1/2"]
[WhiteElo "2095"]
[BlackElo "2192"]
[PlyCount "140"]
[EventDate "2000.07.24"]
[EventType "swiss"]
[EventRounds "11"]
[EventCountry "SUI"]
[SourceTitle "CBM 077 Extra"]
[Source "ChessBase"]
[SourceDate "2000.09.14"]
[SourceVersion "1"]
[SourceVersionDate "2000.09.14"]
[SourceQuality "1"]

1. Nf3 Nf6 2. c4 g6 3. b4 Bg7 4. Bb2 0-0 5. e3 c6 6. Be2 d5 7. 0-0 Nbd7 8. d3 b6 9. Nbd2 Bb7 10. a4 dxc4 11. dxc4 c5 12. b5 Qc7 13. Qc2 e5 14. e4 a6 15. Rfd1 Rfd8 16. a5 bxa5 17. b6 Nxb6 18. Bxe5 Qc6 19. Rxa5 Nbd7 20. Bg3 Nh5 21. Bf1 Nxg3 22. hxg3 Ne5 23. Nb3 Rxd1 24. Qxd1 Nd7 25. Qc2 Qc7 26. Ra3 Re8 27. Nbd2 a5 28. Qa4 Ra8 29. Rd3 Bc6 30. Qa3 a4 31. Re3 Qb6 32. e5 Qb4 33. Qa2 Nf8 34. Ne4 Bxe4 35. Rxe4 Qb3 36. Re2 Nd7 37. e6 fxe6 38. Ng5 Qxa2 39. Rxa2 e5 40. Ne4 Kf8 41. Be2 Ke7 42. Ra3 Bh6 43. Bd1 Nb6 44. Nxc5 Bc1 45. Ra2 a3 46. Nd3 Bh6 47. Nxe5 Bg7 48. Bf3 Ra4 49. c5 Bxe5 50. cxb6 Bb2 51. Kf1 Kd6 52. Ke2 Rc4 53. Kd2 Ke5 54. Kd3 Rd4+ 55. Kc2 Rb4 56. b7 Kd4 57. Kd2 h5 58. Bc6 Rb6 59. Be8 Rxb7 60. Bxg6 Rb5 61. f4 Rc5 62. f5 Ke5 63. Bxh5 Kxf5 64. Bf3 Rc3 65. g4+ Ke5 66. g5 Kf5 67. g6 Rc7 68. g7 Rd7+ 69. Kc2 Rc7+ 70. Kd2 Rxg7 1/2-1/2

[Event "Linares Anibal op 07th"]
[Site "Linares"]
[Date "2000.01.13"]
[Round "7"]
[White "Touzane, Olivier"]
[Black "Martin Blanco, Fernando"]
[Result "1-0"]
[WhiteElo "2348"]
[BlackElo "2170"]
[PlyCount "55"]
[EventDate "2000.01.07"]
[EventType "swiss"]
[EventRounds "10"]
[EventCountry "ESP"]
[SourceTitle "CBM 075"]
[Source "ChessBase"]
[SourceDate "2000.04.05"]
[SourceVersion "1"]
[SourceVersionDate "2000.04.05"]
[SourceQuality "1"]

1. d4 Nf6 2. c4 g6 3. Nc3 d5 4. Nf3 Bg7 5. cxd5 Nxd5 6. e4 Nxc3 7. bxc3 c5 8. Rb1 0-0 9. Be2 cxd4 10. cxd4 Qa5+ 11. Bd2 Qxa2 12. 0-0 a5 13. Re1 Bg4 14. Bg5 Nc6 15. d5 Nb4 16. Bxe7 Rfe8 17. d6 Bd7 18. e5 b5 19. Nd4 Rab8 20. Bxb5 Rb7 21. Bxd7 Rxd7 22. Nb3 Nc6 23. Nc5 Ra7 24. Bf6 Qc4 25. d7 Rea8 26. Qd6 Nd8 27. Bxd8 Qc3 28. Bf6 1-0

[Event "Benasque op 17th"]
[Site "Benasque"]
[Date "1997.??.??"]
[Round "4"]
[White "Martin Blanco, Fernando"]
[Black "Torrecillas Martinez, Antonio"]
[Result "0-1"]
[WhiteElo "2115"]
[BlackElo "2360"]
[PlyCount "70"]
[EventDate "1997.07.??"]
[EventType "swiss"]
[EventRounds "9"]
[EventCountry "ESP"]
[SourceTitle "EXT 1998"]
[Source "ChessBase"]
[SourceDate "1997.11.17"]
[SourceVersion "1"]
[SourceVersionDate "1997.11.17"]
[SourceQuality "1"]

1. e4 Nf6 2. e5 Nd5 3. d4 d6 4. c4 Nb6 5. exd6 cxd6 6. Nc3 g6 7. Be3 Bg7 8. Nf3 0-0 9. Be2 Bg4 10. b3 Nc6 11. Rc1 d5 12. c5 Nc8 13. 0-0 e6 14. h3 Bxf3 15. Bxf3 N8e7 16. g4 f5 17. Ne2 fxg4 18. Bxg4 Nf5 19. Qd2 Qd7 20. b4 Nh4 21. Nf4 Rxf4 22. Bxf4 Nxd4 23. Qe3 h5 24. Bd1 Rf8 25. Bg3 Nhf3+ 26. Kg2 e5 27. a4 Kh7 28. b5 Bh6 29. Qc3 Qf5 30. Ra1 Bd2 31. Qb2 Qe4 32. Rg1 h4 33. Bxf3 Qxf3+ 34. Kf1 Qe2+ 35. Kg2 hxg3 0-1